| Tag |
First Indicator |
Second Indicator |
Subfields |
| LEADER |
00000cam a2200000 4500 |
| 001 |
in00000992413 |
| 005 |
20150927154752.0 |
| 008 |
780221s1949 cauaf b 00000 eng d |
| 035 |
|
|
|a (OCoLC)03658077
|
| 035 |
|
|
|9 AEY2286AM
|
| 040 |
|
|
|a TLM
|c TLM
|d m.c.
|d TXA
|d UtOrBLW
|
| 049 |
1 |
|
|a TXA2
|
| 090 |
|
|
|a TD524.C2
|b L67 1949
|
| 092 |
|
|
|a 628.3
|
| 110 |
1 |
|
|a Los Angeles County, Calif.
|b Board of engineers.
|
| 245 |
1 |
0 |
|a Report upon the reclamation of water from sewage and industrial wastes in Los Angeles County, California /
|c [by the] Board of engineers : C. E. Arnold, H. E. Hedger and A. M. Rown, April, 1949.
|
| 264 |
|
1 |
|a Los Angeles,
|b [publisher not identified] ;
|c 1949.
|
| 300 |
|
|
|a 159 pages :
|b illustrations, 9 folded plates.
|
| 336 |
|
|
|a text
|b txt
|2 rdacontent
|
| 337 |
|
|
|a unmediated
|b n
|2 rdamedia
|
| 338 |
|
|
|a volume
|b nc
|2 rdacarrier
|
| 610 |
1 |
4 |
|a Los Angeles County, Calif.
|b County sanitation districts.
|
| 650 |
|
0 |
|a Sewage.
|
| 650 |
|
0 |
|a Factory and trade waste.
|
| 650 |
|
0 |
|a Water reuse.
|
| 740 |
0 |
|
|a Reclamation of water.
|
| 700 |
1 |
|
|a Arnold, C. E.
|
| 700 |
1 |
|
|a Hedger, H. E.
|
| 700 |
1 |
|
|a Rown, A. M.
|
| 999 |
|
|
|a MARS
|
| 999 |
f |
f |
|s 3747184c-1055-3ac6-8ba8-893b966c2a3b
|i 30d2a2c6-ee2b-3a6d-87e9-69ff5f4d6184
|t 0
|
| 952 |
f |
f |
|p ric
|a Texas A&M University
|b Rellis Campus
|c Joint Library Facility
|d Remote Storage
|t 0
|e TD524.C2 L67 1949
|h Library of Congress classification
|i unmediated -- volume
|m A14812820227
|
| 998 |
f |
f |
|a TD524.C2 L67 1949
|t 0
|l Remote Storage
|